Jeff Buckley - Sketches for My Sweetheart the Drunk - Statistics

General Stats
  • This quiz has been taken 90 times
  • The average score is 11 of 20
Answer Stats
# Answer % Correct
2 Everybody Here Wants You
88%
1 The Sky Is a Landfill
78%
9 Vancouver
76%
5 Yard Of Blonde Girls
69%
6 Witches' Rave
67%
4 Nightmares By The Sea
59%
8 Morning Theft
57%
3 Opened Once
57%
10 You and I
57%
16 Your Flesh Is So Nice
55%
14 Back in NYC
51%
7 New Year's Prayer
51%
12 I Know We Could Be So Happy Baby
47%
17 Jewel Box
47%
19 Gunshot Glitter
43%
15 Demon John
39%
11 Haven't You Heard
39%
13 Murder Suicide Meteor Slave
35%
20 Thousand Fold
31%
18 Satisfied Mind
22%
No matching quizzes found
Score Distribution
Percent of People with Each Score
Percentile by Number Answered
Your Score History
You have not taken this quiz